Ye Olde Professions Quiz Stats

 Plays Quiz Updated Apr 4, 2012

Also try: TV Professions
Challenge
Share
Tweet
Embed
Score 0/28 Timer 05:00
0 Plays Today
Description Profession % Correct
Makes breadBaker
94.2%
Prepares and sells meatButcher
87.6%
Amuses the kingJester
84.6%
Makes clothesTailor
76.8%
Works with iron or steelBlacksmith
74.2%
Assists in the birth of a child (female)Midwife
74%
Herds sheepShepherd
73.4%
Builds using stone or brickMason
72.4%
Makes beerBrewer
69.1%
Grinds grain into flourMiller
68.4%
Attempts to turn base metals to gold or silverAlchemist
65.3%
Sews clothes (female)Seamstress
65.3%
Milks cows (female)Milkmaid
62.5%
Repairs shoesCobbler
62.5%
Description Profession % Correct
Traveling poet/singerBard
61.6%
Sells fishFishmonger
59.1%
Makes leatherTanner
56.1%
Manages household servantsButler
51.3%
Makes barrelsCooper
47.8%
Carries luggagePorter
44%
Makes, sells and repairs furFurrier
38%
Sells medicineApothecary
37.3%
Makes wagonsWainwright
26.9%
Cares for horsesGroom
19.3%
Drives a team of animalsTeamster
17.9%
Works with leadPlumber
17.6%
Makes candlesChandler
15.9%
Cuts timber into boardsSawyer
13.4%

You're not logged in!

Compare scores with friends on all Sporcle quizzes.
Join for Free
OR
Log In

You Might Also Like...

Show Comments

Extras

Top Quizzes Today


Score Distribution

Your Account Isn't Verified!

In order to create a playlist on Sporcle, you need to verify the email address you used during registration. Go to your Sporcle Settings to finish the process.

Report this User

Report this user for behavior that violates our Community Guidelines.

Details: